header

The United Nations and global security (Record no. 187603)

MARC details
000 -LEADER
fixed length control field 01250nam a2200325Ia 4500
245 04 - TITLE STATEMENT
Title The United Nations and global security
260 ## - PUBLICATION, DISTRIBUTION, ETC. (IMPRINT)
Place of publication New York :
Name of publisher Palgrave Macmillan,
Year of publication 2004.
300 ## - PHYSICAL DESCRIPTION
Number of Pages xvi, 288 p. :
Other physical details ill.
650 #0 - SUBJECT ADDED ENTRY--TOPICAL TERM
Topical Term Security, International.
700 1# - ADDED ENTRY--PERSONAL NAME
Personal name Price, Richard M.
Personal name Zacher, Mark W.
856 40 - ELECTRONIC LOCATION AND ACCESS
Uniform Resource Identifier http://site.ebrary.com/lib/rucke/Doc?id=10135445

No items available.

© 2026 Rongo University
Contact us: librarian | system librarian | Rongo university